<?xml version="1.0" encoding="UTF-8"?>
<record
    xmlns:xsi="http://www.w3.org/2001/XMLSchema-instance"
    xsi:schemaLocation="http://www.loc.gov/MARC21/slim http://www.loc.gov/standards/marcxml/schema/MARC21slim.xsd"
    xmlns="http://www.loc.gov/MARC21/slim">

  <leader>00990nam a2200289   4500</leader>
  <controlfield tag="003">EC-UNACH</controlfield>
  <controlfield tag="005">20240415114505.0</controlfield>
  <controlfield tag="006">s||||gr|||| 00| 00</controlfield>
  <controlfield tag="008">150116t9999    mx  r  gr     000 0 spa d</controlfield>
  <datafield tag="040" ind1=" " ind2=" ">
    <subfield code="a">EC-UNACH</subfield>
    <subfield code="c">EC-UNACH</subfield>
  </datafield>
  <datafield tag="041" ind1=" " ind2=" ">
    <subfield code="a">spa</subfield>
  </datafield>
  <datafield tag="082" ind1="0" ind2="4">
    <subfield code="2">23</subfield>
    <subfield code="a">153</subfield>
    <subfield code="b">L017380</subfield>
  </datafield>
  <datafield tag="100" ind1=" " ind2=" ">
    <subfield code="a">Lewis, David</subfield>
  </datafield>
  <datafield tag="245" ind1=" " ind2=" ">
    <subfield code="a">C&#xF3;mo potenciar el talento de su hijo</subfield>
    <subfield code="c">Lewis, David</subfield>
  </datafield>
  <datafield tag="250" ind1=" " ind2=" ">
    <subfield code="a">Primera edici&#xF3;n</subfield>
  </datafield>
  <datafield tag="264" ind1=" " ind2=" ">
    <subfield code="a">Colombia Bogot&#xE1;</subfield>
    <subfield code="b">Circulo de Lectores</subfield>
    <subfield code="c">1983</subfield>
  </datafield>
  <datafield tag="300" ind1=" " ind2=" ">
    <subfield code="a">273 p&#xE1;ginas</subfield>
    <subfield code="b">Fotograf&#xED;as</subfield>
    <subfield code="c">20 cent&#xED;metros</subfield>
  </datafield>
  <datafield tag="501" ind1=" " ind2=" ">
    <subfield code="a">Incluye: &#xCD;ndice</subfield>
  </datafield>
  <datafield tag="505" ind1=" " ind2=" ">
    <subfield code="a">Es usted un padre dotado.-- Que hace diferentes a los ni&#xF1;os dotados.-- C&#xF3;mo ayudan los problemas a su hijo.-- Progresar... Progresando.-- Despu&#xE9;s de los primeros cinco a&#xF1;os</subfield>
  </datafield>
  <datafield tag="650" ind1=" " ind2=" ">
    <subfield code="a">Aprendizaje</subfield>
  </datafield>
  <datafield tag="650" ind1=" " ind2=" ">
    <subfield code="a">Padres</subfield>
  </datafield>
  <datafield tag="650" ind1=" " ind2=" ">
    <subfield code="a">Ni&#xF1;os inteligentes</subfield>
  </datafield>
  <datafield tag="942" ind1=" " ind2=" ">
    <subfield code="2">ddc</subfield>
    <subfield code="c">1</subfield>
  </datafield>
  <datafield tag="999" ind1=" " ind2=" ">
    <subfield code="c">12752</subfield>
  </datafield>
  <datafield tag="952" ind1=" " ind2=" ">
    <subfield code="1">0</subfield>
    <subfield code="2">ddc</subfield>
    <subfield code="4">0</subfield>
    <subfield code="7">0</subfield>
    <subfield code="a">2</subfield>
    <subfield code="b">2</subfield>
    <subfield code="d">2024-04-15</subfield>
    <subfield code="i">317079</subfield>
    <subfield code="l">0</subfield>
    <subfield code="o">153 LEW L017380</subfield>
    <subfield code="p">L017380</subfield>
    <subfield code="r">2024-04-15</subfield>
    <subfield code="w">2024-04-15</subfield>
    <subfield code="y">1</subfield>
    <subfield code="k"></subfield>
  </datafield>
</record>
